Statistiche per Capitali del mondo che iniziano con la P

Clicka qui per fare il quiz!

Statistiche generali

  • Questo quiz è stato fatto 608 volte
  • Il punteggio medio è 11 su 18

Statistiche sulle risposte

Risposte% Corretto
Parigi
81%
Praga
75%
Pechino
70%
Podgorica
68%
Pristina
68%
Pyongyang
68%
Port-au-Prince
67%
Pretoria
63%
Port of Spain
62%
Port Moresby
60%
Panama City
57%
Port Louis
56%
Porto Novo
56%
Praia
56%
Paramaribo
54%
Palikir
53%
Port Vila
53%
Phnom Penh
42%

Distribuzione punteggi

Percentile per numero di risposta

Percentuale di utenti per punteggio

I tuoi punteggi nel tempo

Non hai fatto questo quiz